Enciclopedia del empresario
Tallennettuna:
| Aineistotyyppi: | Kirja |
|---|---|
| Kieli: | espanja |
| Julkaistu: |
Barcelona
Océano-Centrum
2007
|
| Aiheet: | |
| Tagit: |
Lisää tagi
Ei tageja, Lisää ensimmäinen tagi!
|
MARC
| LEADER | 00000nam a2200000 a 4500 | ||
|---|---|---|---|
| 001 | UCI8857 | ||
| 003 | CL-VaPUC | ||
| 008 | 081009e20070000SP |||||||||||||||||spa|d | ||
| 020 | |a 9788478410743 | ||
| 082 | 0 | 4 | |a 658.003 |b ENC |2 21 |
| 245 | 1 | 0 | |a Enciclopedia del empresario |
| 300 | |a 1228 p | ||
| 942 | |c BK | ||
| 945 | |d 20081009 00:00:00 |a rbrito | ||
| 260 | |a Barcelona |b Océano-Centrum |c 2007 | ||
| 650 | 0 | |a Producción |x Planificación |9 260672 | |
| 650 | 0 | |a Marketing |9 259324 | |
| 650 | 0 | |a Organización |9 256369 | |
| 650 | 0 | |a Gestión administrativa |9 375217 | |
| 650 | 0 | |a Enciclopedias |9 264135 | |
| 583 | |a last modification |c 20081009 00:00:00 |k Rodrigo Vera | ||
| 999 | |c 331623 |d 331621 | ||